| 000 | 00617nam a22001937a 4500 | ||
|---|---|---|---|
| 999 |
_c19574 _d19574 |
||
| 003 | AR-CdUCM | ||
| 008 | 190518b ||||| |||| 00| 0 spa d | ||
| 040 |
_aMUNICIPALIDAD PROVINCIAL DEL CUSCO _cBIBLIOTECA MUNICIPAL DEL CUSCO |
||
| 082 |
_a574 / _bT86 |
||
| 100 |
_aTubia, Fuset _940991 |
||
| 245 | _aDiccionario tecnológico de biología / | ||
| 260 |
_aBarcelona ; _bLiberia Bosch, _c1931. |
||
| 300 |
_a587 paginas ; _c22 cm. |
||
| 505 | _aContenido : Diccionario. | ||
| 650 |
_aDiccionario de biología _940992 |
||
| 650 |
_aTérminos de biología _940993 |
||
| 942 |
_2ddc _cLIBROS |
||
| 945 |
_awnts _d2019-05-18 |
||